Návrh a implementácia modulu umožňujúceho sledovanie a animáciu protokolov v počítačových sieťach /

Guardado en:
Detalles Bibliográficos
Autor principal: Astaloš, Ján (Autor)
Autor Corporativo: Katedra informatiky a výpočtovej techniky EF STU
Otros Autores: Olejár, Jaroslav (Orientador)
Formato: Manuscrito Libro
Lenguaje:eslovaco
Publicado: Bratislava : Slovenská technická univerzita v Bratislave 1995,
Etiquetas: Agregar Etiqueta
Sin Etiquetas, Sea el primero en etiquetar este registro!

MARC

LEADER 00000ntm a22000003a 4500
001 0065216
003 SK-STU
005 20180522160521.3
007 ta
008 180522s2018----xo-----f-mn---000-0-slo-d
040 |a STU  |b slo 
041 0 |a slo 
044 |a xo  |c SK 
100 1 |a Astaloš, Ján  |4 aut 
245 1 0 |a Návrh a implementácia modulu umožňujúceho sledovanie a animáciu protokolov v počítačových sieťach /  |c aut. Ján Astaloš ; škol. Jaroslav Olejár 
260 |c 1995,  |a Bratislava :  |b Slovenská technická univerzita v Bratislave 
300 |a 58 s. 
700 1 |a Olejár, Jaroslav  |4 ths 
710 2 |a Katedra informatiky a výpočtovej techniky EF STU 
996 |c I*DP1/95  |l II680  |s P  |a 0  |w 0065216_0001